| 000 | 00572nam a22001937a 4500 | ||
|---|---|---|---|
| 003 | OSt | ||
| 005 | 20260617160930.0 | ||
| 008 | 260617b |||||||| |||| 00| 0 eng d | ||
| 020 | _a9781412927802 | ||
| 040 | _cChuka University Library | ||
| 050 | _aLB 3013 .T3 2007 | ||
| 100 |
_aTate Marcia L. _929161 |
||
| 245 |
_aShouting won't Grow Dendrites _bTechniques for Managing a Brain-Compatible Classroom |
||
| 260 |
_aCalifornia _bCorwin Press _c2007 |
||
| 300 | _a140p | ||
| 650 |
_aClassroom Management _911400 |
||
| 650 |
_aTeaching _99404 |
||
| 942 |
_2lcc _cBK _n0 |
||
| 999 |
_c24645 _d24645 |
||